=LDR 00000nam 2200000 4500 =001 INLIS000000000026147 =005 20130612124614 =008 ***********************************ind** =035 ##$$0010-061300000026147 =041 ##$$a ind =082 ##$$a 633.8 =090 ##$$a 633.8, SYA b =100 ##$$a Syamsulbahri =245 ##$$a Bercocok tanam tanaman perkebunan tahunan, Syamsulbahri =260 ##$$a 1996 $b Yogyakarta =300 ##$$a x, 318 hlm., ilus., 21 cm =650 ##$$a Bercocok Tanam =850 ##$$a NBPNMAT